Virtuální polytechnická knihovna - Souborný katalog - Úplný záznam dokumentu - MARC Uživatel: --- 
-----nas  22-----zu 4500
001 SKVPK0031908
003 CZ-VPK
005 20260424134245.0
008 260424d19561968||||| | |||  ||   |||||||
022   $a0369-6405
040   $aABA013$bcze
222  0$aNuclear engineering
245 00$aNuclear engineering
260   $aVelká Británie :$bLondon : Temple Press,$c1956-1968
650 07$afyzika$xfy$2psh
780 00$tNuclear power$x0546-8981
785 00$tNuclear engineering international$x0029-5507
910   $aABA013$r1956-1968
OAI-PMH
 středa 13.05.2026 21:40:34 © 2001-2015 Národní technická knihovna 

[Virtuální polytechnická knihovna] [Servisní centrum] [Souborný katalog]